000 00918nam a2200241 u 4500
001 000486253
003 AM-YeHGA
005 20250617134249.0
008 060502s2004 li |||||r|||||000|0|eng|d
020 _a9986080398
040 _aAM-YeHGA
041 1 _aeng
111 2 _aBaltic Conference on Intellectual Cooperation
_n(9th :
_d2003 :
_cVilnius, Lithuania)
245 1 0 _aGlobalization, Europe and Regional Identity :
_b9th Baltic Conference on Intellectual Cooperation : 6-7 June 2003, Vilnius, Lithuania /
_c[Comp. by Vytautas Puronas, Violeta Skirgailiene; Transl. ed.: Grazvydas Kirvaitis].
260 _aVilnius :
_bLithuanian Academy of Sciences,
_c2004.
300 _a154 p. :
_bill.
504 _aIncludes bibliogr. references
650 1 4 _aGlobalization
_zEurope
700 1 _aPuronas, Vytautas
_4cmp
700 1 _aSkirgailiene, Violeta
_4cmp
700 1 _aKirvaitis, Grazvydas
_4trl
090 _c180350
999 _c178902
_d178902